CUTE - Statistics

Statistiche generali
  • Questo quiz è stato fatto 4 volte
  • Il punteggio medio è 2 su 46
Statistiche sulle risposte
Risposta % Corretto
melanoma
75%
melanoma
75%
carcinoma basocellulare
25%
nevo melanocitario
25%
acathosis nigricans
0%
acrale
0%
amelanotico
0%
benigne cheratinociti
0%
centrofollicolare
0%
cheratinosi seborroica
0%
cheratosi attinica
0%
chertoacantoma
0%
diffusione superficiale
0%
efelide
0%
eritroplasia di queyrat
0%
halo nevo
0%
infiltrante
0%
lentigo maligna
0%
lentigo simplex
0%
lesioni melanocitarie
0%
linfoma cutaneo T
0%
linfoma cutaneo T/NK
0%
linfomi cutanei
0%
linfomi cutanei B
0%
malattia di bowen
0%
marginali
0%
Mastocitosi
0%
micosi fungoide
0%
nevo blu
0%
nevo composto
0%
nevo di reed
0%
nevo di spitz
0%
nevo displastico (di clark)
0%
nevo giunzionale
0%
nevo intradermico
0%
nodulare
0%
nodulare
0%
papulosi linfomatoide
0%
pigmentato
0%
primitivo a grandi cellule anaplastiche
0%
sarcoma di kaposi
0%
sclerodermiforme
0%
sindrome di sezary
0%
squamocellulare
0%
superficiale
0%
tumore a cellule di Merkel
0%
Nessun quiz corrispondente trovato
Distribuzione punteggi
Percentuale di utenti per punteggio
Percentile per numero di risposta
I tuoi punteggi nel tempo
Non hai fatto questo quiz